[Event "DEM U18w 2025"]
[Site "Willingen GER"]
[Date "2025.06.09"]
[Round "3"]
[White "Reddi, Bhuvana"]
[Black "Bräutigam, Katerina"]
[Result "0-1"]
[Termination "normal"]
[Board "5"]
[BlackTitle "WFM"]
[WhiteElo "1851"]
[BlackElo "2095"]
[WhiteClock "00:01:08"]
[BlackClock "00:00:52"]
[PlyCount "122"]
[WhiteFideId "16287002"]
[BlackFideId "16242980"]
[EventCountry "GER"]
[EventRounds "9"]
[EventType "swiss"]
[EventDate "2025.06.07"]

1. e4 {[%clk 01:30:58]} {[%emt 00:00:02]} e6 {[%clk 01:30:59]} {[%emt
00:00:01]} 2. d4 {[%clk 01:31:22]} {[%emt 00:00:06]} d5 {[%clk 01:31:25]}
{[%emt 00:00:04]} 3. exd5 {[%clk 01:31:46]} {[%emt 00:00:07]} exd5 {[%clk
01:31:50]} {[%emt 00:00:05]} 4. Nf3 {[%clk 01:31:59]} {[%emt 00:00:16]} Bd6
{[%clk 01:31:06]} {[%emt 00:01:14]} 5. Bd3 {[%clk 01:32:02]} {[%emt 00:00:28]}
Ne7 {[%clk 01:30:41]} {[%emt 00:00:54]} 6. O-O {[%clk 01:32:05]} {[%emt
00:00:27]} O-O {[%clk 01:27:26]} {[%emt 00:03:45]} 7. Nbd2 {[%clk 01:30:52]}
{[%emt 00:01:43]} Bf5 {[%clk 01:23:50]} {[%emt 00:04:07]} 8. Be2 {[%clk
01:29:54]} {[%emt 00:01:29]} Ng6 {[%clk 01:21:48]} {[%emt 00:02:31]} 9. Re1
{[%clk 01:16:51]} {[%emt 00:13:31]} Nf4 {[%clk 01:10:43]} {[%emt 00:11:36]} 10.
Bb5 {[%clk 01:16:01]} {[%emt 00:01:21]} Qf6 {[%clk 01:06:31]} {[%emt 00:04:41]}
11. Nf1 {[%clk 01:14:37]} {[%emt 00:01:54]} Qg6 {[%clk 00:51:06]} {[%emt
00:15:55]} 12. Bxf4 {[%clk 01:06:55]} {[%emt 00:08:12]} Bxf4 {[%clk 00:50:39]}
{[%emt 00:00:58]} 13. Nh4 {[%clk 01:05:00]} {[%emt 00:02:23]} Qf6 {[%clk
00:48:24]} {[%emt 00:02:46]} 14. Nxf5 {[%clk 01:04:55]} {[%emt 00:00:35]} Qxf5
{[%clk 00:48:51]} {[%emt 00:00:04]} 15. Bd3 {[%clk 01:04:53]} {[%emt 00:00:31]}
Qg5 {[%clk 00:41:46]} {[%emt 00:07:35]} 16. Qf3 {[%clk 01:03:58]} {[%emt
00:01:25]} c6 {[%clk 00:37:12]} {[%emt 00:05:04]} 17. Ng3 {[%clk 00:58:32]}
{[%emt 00:05:56]} g6 {[%clk 00:35:21]} {[%emt 00:02:20]} 18. Nf1 {[%clk
00:47:26]} {[%emt 00:11:37]} Nd7 {[%clk 00:31:50]} {[%emt 00:04:01]} 19. Ne3
{[%clk 00:46:38]} {[%emt 00:01:17]} Rae8 {[%clk 00:29:02]} {[%emt 00:03:19]}
20. h4 {[%clk 00:34:44]} {[%emt 00:12:25]} Qf6 {[%clk 00:24:10]} {[%emt
00:05:23]} 21. c3 {[%clk 00:27:31]} {[%emt 00:07:42]} Bxe3 {[%clk 00:22:00]}
{[%emt 00:02:39]} 22. Qxf6 {[%clk 00:27:40]} {[%emt 00:00:21]} Nxf6 {[%clk
00:22:26]} {[%emt 00:00:05]} 23. Rxe3 {[%clk 00:26:25]} {[%emt 00:01:45]} Rxe3
{[%clk 00:21:11]} {[%emt 00:01:45]} 24. fxe3 {[%clk 00:26:50]} {[%emt
00:00:05]} Re8 {[%clk 00:18:17]} {[%emt 00:03:23]} 25. Re1 {[%clk 00:26:22]}
{[%emt 00:00:57]} Kg7 {[%clk 00:10:18]} {[%emt 00:08:29]} 26. Kf2 {[%clk
00:24:49]} {[%emt 00:02:03]} Ng4+ {[%clk 00:06:31]} {[%emt 00:04:17]} 27. Kf3
{[%clk 00:21:22]} {[%emt 00:03:57]} f5 {[%clk 00:04:59]} {[%emt 00:02:04]} 28.
Re2 {[%clk 00:09:41]} {[%emt 00:12:10]} Nf6 {[%clk 00:00:33]} {[%emt 00:04:56]}
29. Kf4 {[%clk 00:08:03]} {[%emt 00:02:04]} Nd7 {[%clk 00:00:34]} {[%emt
00:00:32]} 30. g4 {[%clk 00:07:50]} {[%emt 00:00:43]} fxg4 {[%clk 00:00:45]}
{[%emt 00:00:19]} 31. Kxg4 {[%clk 00:08:16]} {[%emt 00:00:03]} Nf6+ {[%clk
00:00:40]} {[%emt 00:00:36]} 32. Kf3 {[%clk 00:08:28]} {[%emt 00:00:16]} Ne4
{[%clk 00:00:38]} {[%emt 00:00:35]} 33. Rg2 {[%clk 00:04:03]} {[%emt 00:04:54]}
Kh6 {[%clk 00:00:38]} {[%emt 00:00:31]} 34. Rg4 {[%clk 00:03:28]} {[%emt
00:01:01]} Rf8+ {[%clk 00:00:34]} {[%emt 00:00:37]} 35. Rf4 {[%clk 00:02:50]}
{[%emt 00:01:08]} Nd2+ {[%clk 00:00:32]} {[%emt 00:00:32]} 36. Kg4 {[%clk
00:00:44]} {[%emt 00:02:32]} Re8 {[%clk 00:00:33]} {[%emt 00:00:33]} 37. Rf2
{[%clk 00:00:33]} {[%emt 00:00:40]} Ne4 {[%clk 00:00:39]} {[%emt 00:00:25]} 38.
Rf4 {[%clk 00:00:31]} {[%emt 00:00:31]} Nd6 {[%clk 00:00:43]} {[%emt 00:00:27]}
39. Rf3 {[%clk 00:00:32]} {[%emt 00:00:27]} Re6 {[%clk 00:00:41]} {[%emt
00:00:34]} 40. Bc2 {[%clk 00:00:37]} {[%emt 00:00:24]} Nc4 {[%clk 00:00:43]}
{[%emt 00:00:29]} 41. Bd3 {[%clk 00:00:31]} {[%emt 00:00:36]} Rxe3 {[%clk
00:30:30]} {[%emt 00:00:42]} 42. Rxe3 {[%clk 00:18:28]} {[%emt 00:12:54]} Nxe3+
{[%clk 00:30:49]} {[%emt 00:00:11]} 43. Kf3 {[%clk 00:17:58]} {[%emt 00:00:59]}
Nd1 {[%clk 00:27:44]} {[%emt 00:03:36]} 44. c4 {[%clk 00:16:37]} {[%emt
00:01:52]} Nxb2 {[%clk 00:12:25]} {[%emt 00:15:48]} 45. cxd5 {[%clk 00:16:25]}
{[%emt 00:00:43]} cxd5 {[%clk 00:12:25]} {[%emt 00:00:29]} 46. Be2 {[%clk
00:15:34]} {[%emt 00:01:21]} Na4 {[%clk 00:05:12]} {[%emt 00:07:43]} 47. Kf4
{[%clk 00:13:15]} {[%emt 00:02:50]} Nc3 {[%clk 00:05:00]} {[%emt 00:00:41]} 48.
Bf3 {[%clk 00:11:14]} {[%emt 00:02:31]} Kg7 {[%clk 00:02:26]} {[%emt 00:03:04]}
49. Ke5 {[%clk 00:10:29]} {[%emt 00:01:16]} Kf7 {[%clk 00:01:03]} {[%emt
00:01:53]} 50. a3 {[%clk 00:04:32]} {[%emt 00:06:27]} Ke7 {[%clk 00:00:40]}
{[%emt 00:00:53]} 51. Bg2 {[%clk 00:01:35]} {[%emt 00:03:26]} b6 {[%clk
00:00:33]} {[%emt 00:00:38]} 52. Bf3 {[%clk 00:01:46]} {[%emt 00:00:18]} h6
{[%clk 00:00:34]} {[%emt 00:00:29]} 53. Bg2 {[%clk 00:01:20]} {[%emt 00:00:57]}
a5 {[%clk 00:00:36]} {[%emt 00:00:28]} 54. Bf3 {[%clk 00:00:32]} {[%emt
00:01:18]} Nb5 {[%clk 00:00:33]} {[%emt 00:00:32]} 55. Kxd5 {[%clk 00:00:39]}
{[%emt 00:00:23]} Nxa3 {[%clk 00:00:40]} {[%emt 00:00:23]} 56. Be4 {[%clk
00:00:37]} {[%emt 00:00:31]} g5 {[%clk 00:00:41]} {[%emt 00:00:30]} 57. h5
{[%clk 00:00:36]} {[%emt 00:00:32]} b5 {[%clk 00:00:45]} {[%emt 00:00:27]} 58.
Kc5 {[%clk 00:00:32]} {[%emt 00:00:33]} b4 {[%clk 00:00:53]} {[%emt 00:00:21]}
59. Bd5 {[%clk 00:00:34]} {[%emt 00:00:29]} g4 {[%clk 00:00:39]} {[%emt
00:00:44]} 60. Kb6 {[%clk 00:00:48]} {[%emt 00:00:15]} g3 {[%clk 00:00:33]}
{[%emt 00:00:36]} 61. Kxa5 {[%clk 00:01:08]} {[%emt 00:00:10]} b3 {[%clk
00:00:52]} {[%emt 00:00:11]} 0-1

[Event "DEM U18w 2025"]
[Site "Willingen GER"]
[Date "2025.06.09"]
[Round "3"]
[White "Sereda, Yaroslava"]
[Black "von Beckh, Frieda"]
[Result "1-0"]
[Termination "normal"]
[Board "6"]
[WhiteTitle "WFM"]
[WhiteElo "2107"]
[BlackElo "1799"]
[WhiteClock "00:05:31"]
[BlackClock "00:02:07"]
[PlyCount "69"]
[WhiteFideId "14178940"]
[BlackFideId "16233751"]
[EventCountry "GER"]
[EventRounds "9"]
[EventType "swiss"]
[EventDate "2025.06.07"]

1. e4 {[%clk 01:30:50]} {[%emt 00:00:09]} c5 {[%clk 01:30:55]} {[%emt
00:00:06]} 2. Nf3 {[%clk 01:31:11]} {[%emt 00:00:09]} Nc6 {[%clk 01:31:19]}
{[%emt 00:00:06]} 3. d4 {[%clk 01:31:36]} {[%emt 00:00:05]} cxd4 {[%clk
01:31:44]} {[%emt 00:00:04]} 4. Nxd4 {[%clk 01:31:55]} {[%emt 00:00:12]} g6
{[%clk 01:32:06]} {[%emt 00:00:08]} 5. c4 {[%clk 01:32:05]} {[%emt 00:00:21]}
Nf6 {[%clk 01:32:31]} {[%emt 00:00:05]} 6. Nc3 {[%clk 01:32:30]} {[%emt
00:00:05]} d6 {[%clk 01:32:56]} {[%emt 00:00:05]} 7. f3 {[%clk 01:32:26]}
{[%emt 00:00:33]} Nxd4 {[%clk 01:33:13]} {[%emt 00:00:13]} 8. Qxd4 {[%clk
01:32:45]} {[%emt 00:00:11]} Bg7 {[%clk 01:33:37]} {[%emt 00:00:06]} 9. Be3
{[%clk 01:32:25]} {[%emt 00:00:51]} O-O {[%clk 01:33:56]} {[%emt 00:00:10]} 10.
Qd2 {[%clk 01:32:22]} {[%emt 00:00:33]} Be6 {[%clk 01:33:58]} {[%emt 00:00:29]}
11. b3 {[%clk 01:21:22]} {[%emt 00:11:29]} Rc8 {[%clk 01:15:51]} {[%emt
00:18:36]} 12. Rc1 {[%clk 01:21:03]} {[%emt 00:00:50]} Qa5 {[%clk 01:14:49]}
{[%emt 00:01:31]} 13. Bd3 {[%clk 01:10:32]} {[%emt 00:11:02]} Rfe8 {[%clk
00:51:36]} {[%emt 00:23:41]} 14. Nd5 {[%clk 00:59:45]} {[%emt 00:11:18]} Qxd2+
{[%clk 00:51:37]} {[%emt 00:00:29]} 15. Kxd2 {[%clk 00:59:15]} {[%emt
00:01:01]} Nxd5 {[%clk 00:50:15]} {[%emt 00:01:50]} 16. cxd5 {[%clk 00:55:29]}
{[%emt 00:04:18]} Bd7 {[%clk 00:49:58]} {[%emt 00:00:47]} 17. a4 {[%clk
00:51:36]} {[%emt 00:04:23]} a6 {[%clk 00:40:25]} {[%emt 00:10:02]} 18. a5
{[%clk 00:40:51]} {[%emt 00:11:15]} Bb2 {[%clk 00:33:06]} {[%emt 00:07:46]} 19.
Rxc8 {[%clk 00:38:10]} {[%emt 00:03:14]} Rxc8 {[%clk 00:33:29]} {[%emt
00:00:08]} 20. Bc4 {[%clk 00:35:06]} {[%emt 00:03:34]} Ba3 {[%clk 00:24:34]}
{[%emt 00:09:25]} 21. Kd3 {[%clk 00:31:25]} {[%emt 00:04:11]} Bb4 {[%clk
00:22:43]} {[%emt 00:02:20]} 22. Ra1 {[%clk 00:26:42]} {[%emt 00:05:13]} Bb5
{[%clk 00:16:38]} {[%emt 00:06:36]} 23. Bd4 {[%clk 00:23:14]} {[%emt 00:03:57]}
Bd7 {[%clk 00:12:31]} {[%emt 00:04:38]} 24. f4 {[%clk 00:20:58]} {[%emt
00:02:46]} f6 {[%clk 00:11:04]} {[%emt 00:01:57]} 25. h3 {[%clk 00:15:30]}
{[%emt 00:05:58]} Rf8 {[%clk 00:09:29]} {[%emt 00:02:04]} 26. Bb6 {[%clk
00:05:47]} {[%emt 00:10:14]} h5 {[%clk 00:07:03]} {[%emt 00:02:56]} 27. Rg1
{[%clk 00:05:05]} {[%emt 00:01:12]} Bc5 {[%clk 00:04:02]} {[%emt 00:03:31]} 28.
Bxc5 {[%clk 00:04:32]} {[%emt 00:01:03]} dxc5 {[%clk 00:04:28]} {[%emt
00:00:04]} 29. d6+ {[%clk 00:04:05]} {[%emt 00:00:57]} e6 {[%clk 00:03:52]}
{[%emt 00:01:05]} 30. f5 {[%clk 00:03:57]} {[%emt 00:00:39]} gxf5 {[%clk
00:03:55]} {[%emt 00:00:28]} 31. exf5 {[%clk 00:04:21]} {[%emt 00:00:05]} Rd8
{[%clk 00:01:47]} {[%emt 00:02:37]} 32. fxe6 {[%clk 00:04:27]} {[%emt
00:00:24]} Bxe6 {[%clk 00:01:35]} {[%emt 00:00:44]} 33. Bxe6+ {[%clk 00:04:55]}
{[%emt 00:00:01]} Kg7 {[%clk 00:01:58]} {[%emt 00:00:06]} 34. d7 {[%clk
00:05:11]} {[%emt 00:00:15]} Kg6 {[%clk 00:02:07]} {[%emt 00:00:19]} 35. Rc1
{[%clk 00:05:31]} {[%emt 00:00:12]} 1-0

[Event "DEM U18w 2025"]
[Site "Willingen GER"]
[Date "2025.06.09"]
[Round "3"]
[White "Wilmink, Anna"]
[Black "Jacobasch, Ronja"]
[Result "1/2-1/2"]
[Termination "normal"]
[Board "7"]
[WhiteTitle "WCM"]
[WhiteElo "1995"]
[BlackElo "1861"]
[WhiteClock "00:05:22"]
[BlackClock "00:10:12"]
[PlyCount "42"]
[WhiteFideId "16273680"]
[BlackFideId "34604340"]
[EventCountry "GER"]
[EventRounds "9"]
[EventType "swiss"]
[EventDate "2025.06.07"]

1. e4 {[%clk 01:30:58]} {[%emt 00:00:02]} d6 {[%clk 01:30:47]} {[%emt
00:00:13]} 2. d4 {[%clk 01:31:20]} {[%emt 00:00:08]} Nf6 {[%clk 01:31:12]}
{[%emt 00:00:05]} 3. Nc3 {[%clk 01:31:43]} {[%emt 00:00:07]} g6 {[%clk
01:31:26]} {[%emt 00:00:16]} 4. Nf3 {[%clk 01:32:08]} {[%emt 00:00:05]} Bg7
{[%clk 01:31:40]} {[%emt 00:00:17]} 5. g3 {[%clk 01:32:28]} {[%emt 00:00:09]}
O-O {[%clk 01:31:13]} {[%emt 00:00:57]} 6. Bg2 {[%clk 01:32:53]} {[%emt
00:00:05]} Nbd7 {[%clk 01:26:00]} {[%emt 00:05:43]} 7. O-O {[%clk 01:31:06]}
{[%emt 00:02:17]} e5 {[%clk 01:22:32]} {[%emt 00:03:58]} 8. Re1 {[%clk
01:21:36]} {[%emt 00:10:00]} Re8 {[%clk 01:13:20]} {[%emt 00:09:42]} 9. h3
{[%clk 01:10:35]} {[%emt 00:11:31]} c6 {[%clk 01:00:27]} {[%emt 00:13:23]} 10.
a4 {[%clk 01:06:17]} {[%emt 00:04:49]} Qc7 {[%clk 00:54:54]} {[%emt 00:06:03]}
11. a5 {[%clk 00:54:25]} {[%emt 00:12:22]} Rb8 {[%clk 00:43:34]} {[%emt
00:11:49]} 12. Be3 {[%clk 00:51:26]} {[%emt 00:03:29]} b6 {[%clk 00:38:46]}
{[%emt 00:05:18]} 13. axb6 {[%clk 00:49:37]} {[%emt 00:02:20]} axb6 {[%clk
00:36:33]} {[%emt 00:02:43]} 14. Qd2 {[%clk 00:32:51]} {[%emt 00:17:17]} Bb7
{[%clk 00:31:36]} {[%emt 00:05:25]} 15. Bh6 {[%clk 00:27:06]} {[%emt 00:06:15]}
Bh8 {[%clk 00:27:20]} {[%emt 00:04:46]} 16. Ra7 {[%clk 00:19:52]} {[%emt
00:07:45]} Ra8 {[%clk 00:26:08]} {[%emt 00:01:41]} 17. Rea1 {[%clk 00:16:15]}
{[%emt 00:04:07]} Rxa7 {[%clk 00:24:07]} {[%emt 00:02:31]} 18. Rxa7 {[%clk
00:16:32]} {[%emt 00:00:12]} Qb8 {[%clk 00:21:47]} {[%emt 00:02:50]} 19. Ra1
{[%clk 00:16:23]} {[%emt 00:00:38]} Qc7 {[%clk 00:17:28]} {[%emt 00:04:49]} 20.
Rd1 {[%clk 00:08:24]} {[%emt 00:08:29]} Qb8 {[%clk 00:11:58]} {[%emt 00:06:00]}
21. Re1 {[%clk 00:05:22]} {[%emt 00:03:33]} Qc7 {[%clk 00:10:12]} {[%emt
00:02:17]} 1/2-1/2

[Event "DEM U18w 2025"]
[Site "Willingen GER"]
[Date "2025.06.09"]
[Round "3"]
[White "Ulrich, Helena Irene"]
[Black "Fischer, Darja"]
[Result "0-1"]
[Termination "normal"]
[Board "8"]
[WhiteElo "1841"]
[BlackElo "1965"]
[WhiteClock "00:06:09"]
[BlackClock "00:20:56"]
[PlyCount "120"]
[WhiteFideId "16256000"]
[BlackFideId "16240898"]
[EventCountry "GER"]
[EventRounds "9"]
[EventType "swiss"]
[EventDate "2025.06.07"]

1. e4 {[%clk 01:30:59]} c5 {[%clk 01:30:56]} {[%emt 00:00:05]} 2. Nf3 {[%clk
01:31:25]} {[%emt 00:00:03]} a6 {[%clk 01:31:23]} {[%emt 00:00:03]} 3. c4
{[%clk 01:31:51]} {[%emt 00:00:05]} e6 {[%clk 01:31:47]} {[%emt 00:00:06]} 4.
d4 {[%clk 01:32:13]} {[%emt 00:00:07]} cxd4 {[%clk 01:32:13]} {[%emt 00:00:05]}
5. Nxd4 {[%clk 01:32:40]} {[%emt 00:00:03]} Nf6 {[%clk 01:32:36]} {[%emt
00:00:06]} 6. Nc3 {[%clk 01:33:05]} {[%emt 00:00:05]} Qc7 {[%clk 01:32:53]}
{[%emt 00:00:13]} 7. a3 {[%clk 01:29:48]} {[%emt 00:03:47]} b6 {[%clk
01:33:16]} {[%emt 00:00:08]} 8. Bd3 {[%clk 01:08:08]} {[%emt 00:22:09]} Bb7
{[%clk 01:32:24]} {[%emt 00:01:22]} 9. Qe2 {[%clk 01:07:39]} {[%emt 00:01:00]}
d6 {[%clk 01:29:19]} {[%emt 00:03:34]} 10. Be3 {[%clk 01:05:12]} {[%emt
00:02:56]} Be7 {[%clk 01:27:22]} {[%emt 00:02:28]} 11. O-O {[%clk 01:02:47]}
{[%emt 00:02:54]} O-O {[%clk 01:27:41]} {[%emt 00:00:11]} 12. f4 {[%clk
00:54:43]} {[%emt 00:08:35]} Nc6 {[%clk 01:19:02]} {[%emt 00:09:09]} 13. Rac1
{[%clk 00:45:49]} {[%emt 00:09:23]} Nxd4 {[%clk 01:02:23]} {[%emt 00:17:09]}
14. Bxd4 {[%clk 00:46:15]} {[%emt 00:00:05]} Nd7 {[%clk 00:57:13]} {[%emt
00:05:41]} 15. Qh5 {[%clk 00:17:26]} {[%emt 00:29:19]} Bf6 {[%clk 00:51:01]}
{[%emt 00:06:42]} 16. Bxf6 {[%clk 00:15:13]} {[%emt 00:02:42]} Nxf6 {[%clk
00:50:02]} {[%emt 00:01:29]} 17. Qg5 {[%clk 00:14:07]} {[%emt 00:01:36]} Qc5+
{[%clk 00:38:22]} {[%emt 00:12:11]} 18. Qxc5 {[%clk 00:14:33]} {[%emt
00:00:03]} bxc5 {[%clk 00:38:00]} {[%emt 00:00:52]} 19. Rcd1 {[%clk 00:14:21]}
{[%emt 00:00:42]} Rfd8 {[%clk 00:37:09]} {[%emt 00:01:21]} 20. Rfe1 {[%clk
00:12:31]} {[%emt 00:02:20]} Nd7 {[%clk 00:29:14]} {[%emt 00:08:25]} 21. Rd2
{[%clk 00:10:16]} {[%emt 00:02:46]} Kf8 {[%clk 00:24:06]} {[%emt 00:05:37]} 22.
Red1 {[%clk 00:09:32]} {[%emt 00:01:14]} Ke7 {[%clk 00:22:59]} {[%emt
00:01:37]} 23. Kf2 {[%clk 00:08:04]} {[%emt 00:01:58]} Nb6 {[%clk 00:18:05]}
{[%emt 00:05:25]} 24. Be2 {[%clk 00:07:02]} {[%emt 00:01:31]} Rd7 {[%clk
00:17:19]} {[%emt 00:01:16]} 25. Ke3 {[%clk 00:06:27]} {[%emt 00:01:06]} Rc8
{[%clk 00:15:25]} {[%emt 00:02:24]} 26. Bf1 {[%clk 00:03:49]} {[%emt 00:03:07]}
Bc6 {[%clk 00:15:12]} {[%emt 00:00:43]} 27. Be2 {[%clk 00:01:58]} {[%emt
00:02:20]} Na4 {[%clk 00:14:17]} {[%emt 00:01:26]} 28. Nxa4 {[%clk 00:02:10]}
{[%emt 00:00:19]} Bxa4 {[%clk 00:14:46]} {[%emt 00:00:01]} 29. Ra1 {[%clk
00:01:52]} {[%emt 00:00:47]} Rb8 {[%clk 00:13:08]} {[%emt 00:02:08]} 30. Bd1
{[%clk 00:02:05]} {[%emt 00:00:17]} Bb3 {[%clk 00:12:53]} {[%emt 00:00:45]} 31.
Bxb3 {[%clk 00:01:57]} {[%emt 00:00:39]} Rxb3+ {[%clk 00:13:22]} 32. Ke2 {[%clk
00:01:04]} {[%emt 00:01:23]} Rdb7 {[%clk 00:13:41]} {[%emt 00:00:10]} 33. Ra2
{[%clk 00:01:11]} {[%emt 00:00:23]} f6 {[%clk 00:12:58]} {[%emt 00:01:14]} 34.
Kd1 {[%clk 00:00:46]} {[%emt 00:00:54]} a5 {[%clk 00:12:09]} {[%emt 00:01:19]}
35. Ke2 {[%clk 00:00:54]} {[%emt 00:00:24]} R7b6 {[%clk 00:11:00]} {[%emt
00:01:38]} 36. Kf1 {[%clk 00:01:04]} {[%emt 00:00:19]} Re3 {[%clk 00:11:11]}
{[%emt 00:00:19]} 37. Re2 {[%clk 00:01:09]} {[%emt 00:00:25]} Rbb3 {[%clk
00:07:44]} {[%emt 00:03:57]} 38. Kf2 {[%clk 00:01:32]} {[%emt 00:00:07]} Rxe2+
{[%clk 00:05:38]} {[%emt 00:02:37]} 39. Kxe2 {[%clk 00:01:58]} {[%emt
00:00:03]} Kf7 {[%clk 00:05:02]} {[%emt 00:01:06]} 40. Kf2 {[%clk 00:01:08]}
{[%emt 00:01:21]} Kg6 {[%clk 00:04:01]} {[%emt 00:01:31]} 41. Ke2 {[%clk
00:24:49]} {[%emt 00:06:48]} Kh5 {[%clk 00:30:34]} {[%emt 00:03:57]} 42. Kf2
{[%clk 00:20:44]} {[%emt 00:04:35]} g5 {[%clk 00:27:49]} {[%emt 00:03:15]} 43.
fxg5 {[%clk 00:18:31]} {[%emt 00:02:43]} Kxg5 {[%clk 00:28:18]} {[%emt
00:00:01]} 44. g3 {[%clk 00:16:19]} {[%emt 00:02:42]} f5 {[%clk 00:28:35]}
{[%emt 00:00:13]} 45. exf5 {[%clk 00:15:55]} {[%emt 00:00:54]} Kxf5 {[%clk
00:28:56]} {[%emt 00:00:09]} 46. Ke2 {[%clk 00:15:20]} {[%emt 00:01:05]} Ke4
{[%clk 00:27:50]} {[%emt 00:01:36]} 47. Kd2 {[%clk 00:15:13]} {[%emt 00:00:37]}
Kd4 {[%clk 00:28:15]} {[%emt 00:00:05]} 48. Kc2 {[%clk 00:15:21]} {[%emt
00:00:22]} Kxc4 {[%clk 00:26:23]} {[%emt 00:02:22]} 49. Ra1 {[%clk 00:15:33]}
{[%emt 00:00:18]} Rf3 {[%clk 00:25:49]} {[%emt 00:01:03]} 50. Re1 {[%clk
00:13:43]} {[%emt 00:02:20]} Rf2+ {[%clk 00:25:45]} {[%emt 00:00:35]} 51. Kc1
{[%clk 00:14:01]} {[%emt 00:00:12]} e5 {[%clk 00:25:36]} {[%emt 00:00:39]} 52.
Re4+ {[%clk 00:12:30]} {[%emt 00:02:00]} Kd3 {[%clk 00:25:59]} {[%emt
00:00:08]} 53. Re1 {[%clk 00:12:57]} {[%emt 00:00:03]} e4 {[%clk 00:26:16]}
{[%emt 00:00:12]} 54. Rd1+ {[%clk 00:12:46]} {[%emt 00:00:42]} Kc4 {[%clk
00:25:58]} {[%emt 00:00:48]} 55. Rxd6 {[%clk 00:12:17]} {[%emt 00:00:58]} e3
{[%clk 00:26:13]} {[%emt 00:00:16]} 56. Re6 {[%clk 00:08:34]} {[%emt 00:04:13]}
Kd3 {[%clk 00:26:23]} {[%emt 00:00:20]} 57. Rd6+ {[%clk 00:08:57]} {[%emt
00:00:07]} Ke2 {[%clk 00:26:19]} {[%emt 00:00:33]} 58. Re6 {[%clk 00:06:52]}
{[%emt 00:02:36]} Rf3 {[%clk 00:26:44]} {[%emt 00:00:05]} 59. Re5 {[%clk
00:06:47]} {[%emt 00:00:34]} Ke1 {[%clk 00:21:47]} {[%emt 00:05:28]} 60. Rxc5
{[%clk 00:06:09]} {[%emt 00:01:09]} e2 {[%clk 00:20:56]} {[%emt 00:01:20]} 0-1

[Event "DEM U18w 2025"]
[Site "Willingen GER"]
[Date "2025.06.09"]
[Round "3"]
[White "Englert, Lin"]
[Black "Reich, Elisabeth"]
[Result "0-1"]
[Termination "normal"]
[Board "9"]
[WhiteElo "1797"]
[BlackElo "1830"]
[WhiteClock "00:23:08"]
[BlackClock "00:41:18"]
[PlyCount "56"]
[WhiteFideId "16226410"]
[BlackFideId "16239776"]
[EventCountry "GER"]
[EventRounds "9"]
[EventType "swiss"]
[EventDate "2025.06.07"]

1. d4 {[%clk 01:30:58]} {[%emt 00:00:02]} f5 {[%clk 01:30:56]} {[%emt
00:00:04]} 2. c4 {[%clk 01:31:22]} {[%emt 00:00:05]} Nf6 {[%clk 01:31:21]}
{[%emt 00:00:06]} 3. g3 {[%clk 01:31:48]} {[%emt 00:00:04]} g6 {[%clk
01:31:41]} {[%emt 00:00:10]} 4. Bg2 {[%clk 01:31:49]} {[%emt 00:00:29]} Bg7
{[%clk 01:32:07]} {[%emt 00:00:05]} 5. Nh3 {[%clk 01:30:08]} {[%emt 00:02:10]}
d6 {[%clk 01:32:10]} {[%emt 00:00:28]} 6. O-O {[%clk 01:28:47]} {[%emt
00:01:51]} O-O {[%clk 01:31:59]} {[%emt 00:00:40]} 7. Nc3 {[%clk 01:21:55]}
{[%emt 00:07:22]} c6 {[%clk 01:31:27]} {[%emt 00:01:02]} 8. e3 {[%clk
01:12:42]} {[%emt 00:09:43]} Qc7 {[%clk 01:28:41]} {[%emt 00:03:15]} 9. Qb3
{[%clk 01:09:33]} {[%emt 00:03:40]} h6 {[%clk 01:21:59]} {[%emt 00:07:12]} 10.
Nf4 {[%clk 01:01:08]} {[%emt 00:08:55]} Kh7 {[%clk 01:22:23]} {[%emt 00:00:05]}
11. d5 {[%clk 01:00:16]} {[%emt 00:01:22]} Na6 {[%clk 01:16:54]} {[%emt
00:05:59]} 12. Nd3 {[%clk 00:52:49]} {[%emt 00:07:58]} e5 {[%clk 01:12:43]}
{[%emt 00:04:41]} 13. dxe6 {[%clk 00:44:52]} {[%emt 00:08:27]} Bxe6 {[%clk
01:13:12]} 14. Nf4 {[%clk 00:45:12]} {[%emt 00:00:10]} Bf7 {[%clk 01:12:29]}
{[%emt 00:01:12]} 15. a4 {[%clk 00:43:09]} {[%emt 00:02:34]} Nc5 {[%emt
00:01:32]} 16. Qa2 {[%emt 00:05:18]} Qb6 {[%clk 01:05:26]} {[%emt 00:02:02]}
17. Rd1 {[%emt 00:21:11]} Qb3 {[%emt 00:06:26]} 18. Qxb3 {[%clk 00:30:23]}
{[%emt 00:00:39]} Nxb3 {[%clk 00:51:36]} {[%emt 00:00:02]} 19. Rb1 {[%clk
00:30:43]} {[%emt 00:00:11]} g5 {[%clk 00:49:50]} {[%emt 00:02:15]} 20. Nh3
{[%clk 00:28:30]} {[%emt 00:02:42]} Bxc4 {[%clk 00:47:30]} {[%emt 00:02:50]}
21. Rxd6 {[%clk 00:28:08]} {[%emt 00:00:53]} Rfd8 {[%clk 00:47:31]} {[%emt
00:00:28]} 22. Rxd8 {[%clk 00:28:27]} {[%emt 00:00:12]} Rxd8 {[%clk 00:47:59]}
{[%emt 00:00:02]} 23. Bf1 {[%clk 00:28:27]} {[%emt 00:00:28]} Bxf1 {[%clk
00:47:26]} {[%emt 00:01:04]} 24. Kxf1 {[%clk 00:28:49]} {[%emt 00:00:08]} Ng4
{[%clk 00:47:08]} {[%emt 00:00:48]} 25. Kg2 {[%clk 00:27:51]} {[%emt 00:01:28]}
Ne5 {[%clk 00:46:40]} {[%emt 00:00:58]} 26. Ng1 {[%clk 00:26:56]} {[%emt
00:01:25]} Nd3 {[%clk 00:42:55]} {[%emt 00:04:14]} 27. Nge2 {[%clk 00:27:04]}
{[%emt 00:00:23]} b6 {[%clk 00:41:09]} {[%emt 00:02:18]} 28. Kf3 {[%clk
00:23:08]} {[%emt 00:04:25]} Ne1# {[%clk 00:41:18]} {[%emt 00:00:20]} 0-1